|
|
|
|
| LEADER |
00000nam0a2200000 4500 |
| 001 |
15820 |
| 005 |
20231030190332.0 |
| 035 |
|
|
|a (RuTPU)RU\TPU\book\15935
|
| 035 |
|
|
|a BOOK00000623
|
| 090 |
|
|
|a 15820
|
| 100 |
|
|
|a 20011209d1978 km y0rusy50 ca
|
| 101 |
0 |
|
|a rus
|
| 102 |
|
|
|a RU
|
| 105 |
|
|
|a y z 000zy
|
| 200 |
1 |
|
|a Типология и периодизация культуры Возрождения
|e Сборник статей
|f Под ред. В. И. Рутенбурга
|
| 210 |
|
|
|a Москва
|c Наука
|d 1978
|
| 215 |
|
|
|a 280 с.
|
| 610 |
1 |
|
|a история
|
| 610 |
1 |
|
|a культура
|
| 610 |
1 |
|
|a средние века
|
| 610 |
1 |
|
|a Возрождение
|
| 610 |
1 |
|
|a Западная Европа
|
| 610 |
1 |
|
|a Ренессанс
|
| 675 |
|
|
|a 9(И)1
|v 3
|
| 686 |
|
|
|a Т3(4)5
|v LBC/SL-A
|2 rubbk
|
| 702 |
|
1 |
|a Рутенбург
|b В. И.
|g Виктор Иванович
|4 340
|
| 801 |
|
0 |
|a RU
|b 63413507
|c 20011209
|g PSBO
|
| 801 |
|
2 |
|a RU
|b 63413507
|c 20141003
|g PSBO
|
| 942 |
|
|
|c BK
|